000 00203nam a22000857a 4500
001 1236319
005 20251001160650.0
245 _aKIYAMET KAPISI
_cASLI TOHUMCU
260 _bGÜNIŞIĞI KİTAPLIĞI YAYINLARI
999 _c1236319
_d1236319